000 00266nam a22001217a 4500
008 190306b xxu||||| |||| 00| 0 eng d
041 _aeng
080 _a610
100 _a4
101 _aSHM
245 _aDiabetes and Endocrinology
_cBelchetz, P
942 _2udc
_cBK
999 _c54622
_d54622